000
00271nam a2200097Ia 4500
008
231207s9999 xx 000 0 und d
082
_a
80
_b
WOR
100
_a
Riaz Ahmad
245
4
_a
The works of Quaid-i-Azam Muhammad Ali Jinnah 1913-1916
260
_b
Quaid-i-Azam University
999
_c
10023
_d
10023